01148nam a2200241 a 4500001001000000003000400010005001700014008004100031040002500072082002200097100003800119245007700157260005300234300003000287651006600317651004900383700003000432910003700462942001400499952018000513952019600693999001700889000032435OSt20240304171404.0110718s1901 fr c 000 0 spa d aDO-SdBNPbspacBNPHU 4a972.93bL951p2221 aLugo, Américod1870-195298155010aÁ punto largo /cAmérico Lugo ; estudio crítico Miguel A. Garrido. aParís :bLibrería Paul Ollendorff,c[1901?]. a254 p. :bretr. ;c19 cm. 4aRepública DominicanaxPolítica y gobiernoxHistoria91212 4aCuba xPolitica y gobierno xHistoria9770371 aGarrido, Miguel A.958396 aValidado. Control de calidad MFF 2ddccLBS1 00102ddc51718RVaBNPHUbPDcHDd2011-07-18iLF1l0oBNPHU PD RV 972.93 L951pp32435-10r2020-06-25w2020-06-25y1zPerteneció a la biblioteca personal de Martínez Boog 00102ddc51728RVaBNPHUbPDcHDd2020-11-16l0oBNPHU PD RV 972.93 L951pp2020-0491r2020-11-16te.2w2020-11-16yLBS1zPerteneció a la biblioteca personal de F. Henríquez y Carvajal c31926d31926